خالد بن الوليد / (رقم التسجيلة. 32303)
[ عرض عادي ]
| 000 -LEADER | |
|---|---|
| fixed length control field | 00553nam a22001697a 4500 |
| 005 - DATE AND TIME OF LATEST TRANSACTION | |
| control field | 20251108165827.0 |
| 008 - FIXED-LENGTH DATA ELEMENTS--GENERAL INFORMATION | |
| fixed length control field | 250721s1978 xx 000 0 ara d |
| 082 14 - DEWEY DECIMAL CLASSIFICATION NUMBER | |
| Classification number | ط/923.5/خال |
| 100 1# - MAIN ENTRY--PERSONAL NAME | |
| Personal name | دندشي، محمد محمود |
| 245 10 - TITLE STATEMENT | |
| Title | خالد بن الوليد / |
| 264 1# - PRODUCTION, PUBLICATION, DISTRIBUTION, MANUFACTURE, AND COPYRIGHT NOTICE | |
| Place of production, publication, distribution, manufacture | طرابلس ( لبنان ) : |
| Name of producer, publisher, distributor, manufacturer | دار الشمال للطباعة و النشر و التوزيع، |
| Date of production, publication, distribution, manufacture, or copyright notice | 1978. |
| 300 ## - PHYSICAL DESCRIPTION | |
| Extent | 78ص : مصورة بالألوان |
| 490 0# - SERIES STATEMENT | |
| Series statement | عظماء العرب |
| 650 17 - SUBJECT ADDED ENTRY--TOPICAL TERM | |
| Topical term or geographic name as entry element | التراجم |
| 942 ## - ADDED ENTRY ELEMENTS (KOHA) | |
| Source of classification or shelving scheme | Dewey Decimal Classification |
| Koha item type | كتب |
| حالة السحب | حالة الفقدان | مصدر التصنيف | حالة التلف | غير قابل للإعارة | المكتبة الرئيسية | المكتبة الحالية | موقع الرف | تاريخ التزويد | الرقم المتسلسل | Total Checkouts | رقم الإستدعاء | تاريخ آخر ظهور | تاريخ الفاتورة | نوع المادة (كوها) | الباركود |
|---|---|---|---|---|---|---|---|---|---|---|---|---|---|---|---|
| Dewey Decimal Classification | Unchecked | مكتبة الراية الهاشمية للأطفال | مكتبة الراية الهاشمية للأطفال | الإعارة | 06/07/2004 | 295806 | ط/923.5/خال | 28/07/2025 | 06/07/2004 | كتب | |||||
| Dewey Decimal Classification | مكتبةمؤتة | مكتبةمؤتة | الأطفال | 13/06/2014 | ( 297 ) | ط/923.5/خال | 28/07/2025 | 13/06/2014 | كتب | PLD00328105 |